| 000 | 00963nac a22003137a 4500 | ||
|---|---|---|---|
| 001 | BR0502877 | ||
| 003 | BR-BrBNA | ||
| 005 | 20240105123147.0 | ||
| 008 | 230509b bl.|||m| |||| 00| 0 por d | ||
| 040 |
_aBR-BrBNA _bpor _cBiblioteca Nacional de Agricultura |
||
| 072 | _aE16; E70; E71 | ||
| 090 | _aE16 BR0502877 | ||
| 110 | 1 |
_aConfederação da Agricultura e Pecuária do Brasil, Brasília, DF (Brasil) _92548 |
|
| 245 | 1 | _aPerfil da agropecuária brasileira 2 | |
| 260 | 3 |
_aBrasília, DF (Brasil): _c2002. |
|
| 300 | _a60 p. | ||
| 490 |
_aColetânea Estudos Gleba (Brazil) _vno. 24 _x |
||
| 650 | _aPRODUÇÃO VEGETAL | ||
| 650 | _aPRODUÇÃO ANIMAL | ||
| 650 | _aESTATÍSTICA DE PRODUÇÃO | ||
| 650 | _aMEIO AMBIENTE | ||
| 650 | _aCOMÉRCIO EXTERIOR | ||
| 650 | _aAGRONEGÓCIO | ||
| 650 | _aBALANÇA COMERCIAL | ||
| 650 | _aIMPORTAÇÃO | ||
| 650 | _aCONSUMO | ||
| 909 |
_a202312 _bLúcia Elande _c55 _dLúcia Elande |
||
| 942 |
_2AGRIS _n0 _cMS |
||
| 999 |
_c294247 _d294247 |
||